Voice and diction phonation and phonology

I tiakina i:
Ngā taipitopito rārangi puna kōrero
Kaituhi matua: Black, John W.
Ētahi atu kaituhi: Irwin, Ruth B.
Hōputu: Pukapuka
Reo:Ingarihi
I whakaputaina: Charles E. Merrill. 1969.
Ngā marau:
Tags: Tāpirihia he Tūtohu
No Tags, Be the first to tag this record!

MARC

LEADER 00000nam a22000005a 4500
001 12664
003 CL-ChBUA
005 20120815103425.0
008 070301s1969 xxu 000 0 eng
040 |a CL-ChBUA  |c CL-ChBUA 
082 0 0 |a 414 
090 |c 12664  |d 12664 
100 1 |a Black, John W. 
245 1 0 |a Voice and diction phonation and phonology 
260 |b Charles E. Merrill.  |c 1969. 
300 |a 296 p.  |c 22 cm. 
504 |a Indice. 
650 4 |a Fonetica Inglesa 
700 1 |a Irwin, Ruth B. 
942 |c LIB 
952 |0 0  |1 0  |4 0  |7 0  |9 17993  |a UNACH  |b UNACH  |c 400  |d 2007-03-05  |i 13.437  |l 0  |o 421.5 / B 628.  |p 18992  |r 2025-08-08 10:58:57  |u 17993  |w 2012-08-08  |y LIB  |k 421.5 / B 628. 
999 |c 12664  |d 12664